| 000 | 00612cas a22001935a 4500 | ||
|---|---|---|---|
| 001 | L137976 | ||
| 008 | 070510d19741983xxkqr p 0 a0eng u | ||
| 035 | _a(Sirsi) u137976 | ||
| 041 | 0 | _aeng | |
| 110 | 2 |
_aInstitution of Building Control Officers _95180 |
|
| 245 | 0 | 0 |
_aIBCO _bThe Journal of The Institution of Building Control Officers |
| 260 |
_aSutton _bIBCO _c1974-1983 |
||
| 362 | 0 | _a(1) January-March 1974-(40) September/October 1983 | |
| 554 | _aFour per year | ||
| 651 | 4 |
_aUnited Kingdom _y |
|
| 690 | _aBUILT ENVIRONMENT-BUILDING STANDARDS | ||
| 785 | 0 | 0 |
_tBuilding Control _x0265-6493 |
| 942 | _n0 | ||
| 999 |
_c118925 _d118925 |
||